Article 2. Morbidité du syndrome d’Ekbom en Côte d’Ivoire : A propos de quatre vignettes cliniques au service d’addictologie et d’hygiène mentale d’Abidjan (notice n° 2072409)

détails MARC
000 -LEADER
fixed length control field 02936cam a2200325 4500500
005 - DATE AND TIME OF LATEST TRANSACTION
control field 20260405003944.0
041 ## - LANGUAGE CODE
Language code of text/sound track or separate title fre
042 ## - AUTHENTICATION CODE
Authentication code dc
100 10 - MAIN ENTRY--PERSONAL NAME
Personal name Ahounou, Etobo Innocent
Relator term author
245 00 - TITLE STATEMENT
Title Article 2. Morbidité du syndrome d’Ekbom en Côte d’Ivoire : A propos de quatre vignettes cliniques au service d’addictologie et d’hygiène mentale d’Abidjan
260 ## - PUBLICATION, DISTRIBUTION, ETC.
Date of publication, distribution, etc. 2026.<br/>
500 ## - GENERAL NOTE
General note 42
520 ## - SUMMARY, ETC.
Summary, etc. CONTEXTE Le syndrome d’Ekbom est une affection rare en consultation psychiatrique, de diagnostic souvent difficile. L’objectif de ce travail était d’étudier la psychopathologique de ce syndrome en contexte ivoirien. Méthode : Il s’agissait d’une étude de cas qui a porté sur quatre (04) patients suivis au Service d’Addictologie et d’Hygiène Mentale (SAHM) d’Abidjan en 2023. Résultats 75% des patientsétaient desfemmesavec50% deseptuagénaires. On notait unnomadisme médical dans leur itinéraires thérapeutique avec une consultation tardive en psychiatrie. La clinique chez les enquêtés était faite d’un délire d’infestation, d’hallucination tactiles et cénesthésiques, d’insomnie et d’anxiété. Du fait de son polymorphisme clinique, le syndrome d’Ekbom était confondu à une psychose hallucinatoire chronique. Conclusion La difficulté diagnostique du syndrome d’Ekbom plaide pour un renforcement des capacités des praticiens.
520 ## - SUMMARY, ETC.
Summary, etc. BACKGROUND Ekbom syndrome is a rare condition in psychiatric consultations, often difficult to diagnose. The aim of this study was to investigate the psychopathology of this syndrome in the Ivorian context. Method: This was a case study of four (04) patients followed at the Abidjan Addictology and Mental Hygiene Service (SAHM) in 2023. RESULTS 75% of patients were women, with 50% in their seventies. There was a medical nomadism in their therapeutic itineraries, with late consultation in psychiatry. Clinical symptoms included delusions of infestation, tactile and cenesthetic hallucinations, insomnia and anxiety. Because of its clinical polymorphism, Ekbom syndrome was confused with chronic hallucinatory psychosis. CONCLUSION The diagnostic difficulty of Ekbom syndrome calls for a strengthening of practitioners' skills.
690 ## - LOCAL SUBJECT ADDED ENTRY--TOPICAL TERM (OCLC, RLIN)
Topical term or geographic name as entry element Abidjan
690 ## - LOCAL SUBJECT ADDED ENTRY--TOPICAL TERM (OCLC, RLIN)
Topical term or geographic name as entry element Délire d’infestation parasitaire
690 ## - LOCAL SUBJECT ADDED ENTRY--TOPICAL TERM (OCLC, RLIN)
Topical term or geographic name as entry element itinéraires thérapeutiques
690 ## - LOCAL SUBJECT ADDED ENTRY--TOPICAL TERM (OCLC, RLIN)
Topical term or geographic name as entry element Syndrome d’Ekbom
690 ## - LOCAL SUBJECT ADDED ENTRY--TOPICAL TERM (OCLC, RLIN)
Topical term or geographic name as entry element Abidjan
690 ## - LOCAL SUBJECT ADDED ENTRY--TOPICAL TERM (OCLC, RLIN)
Topical term or geographic name as entry element Ekbom syndrome
690 ## - LOCAL SUBJECT ADDED ENTRY--TOPICAL TERM (OCLC, RLIN)
Topical term or geographic name as entry element parasitic infestation delirium
690 ## - LOCAL SUBJECT ADDED ENTRY--TOPICAL TERM (OCLC, RLIN)
Topical term or geographic name as entry element therapeutic itineraries
700 10 - ADDED ENTRY--PERSONAL NAME
Personal name Aka, Rita Ahou
Relator term author
700 10 - ADDED ENTRY--PERSONAL NAME
Personal name Ipou, Stéphane Yves
Relator term author
700 10 - ADDED ENTRY--PERSONAL NAME
Personal name Gonce, Dion Aristide
Relator term author
700 10 - ADDED ENTRY--PERSONAL NAME
Personal name Dosso, M.
Relator term author
700 10 - ADDED ENTRY--PERSONAL NAME
Personal name Yeo-Tenena, Yessonguilan
Relator term author
786 0# - DATA SOURCE ENTRY
Note Psy Cause | 94 | 4 | 2026-02-03 | p. 20-33 | 1245-2394
856 41 - ELECTRONIC LOCATION AND ACCESS
Uniform Resource Identifier <a href="https://shs.cairn.info/revue-psy-cause-2025-4-page-20?lang=fr&redirect-ssocas=7080">https://shs.cairn.info/revue-psy-cause-2025-4-page-20?lang=fr&redirect-ssocas=7080</a>

Pas d'exemplaire disponible.

PLUDOC

PLUDOC est la plateforme unique et centralisée de gestion des bibliothèques physiques et numériques de Guinée administré par le CEDUST. Elle est la plus grande base de données de ressources documentaires pour les Étudiants, Enseignants chercheurs et Chercheurs de Guinée.

Adresse

627 919 101/664 919 101

25 boulevard du commerce
Kaloum, Conakry, Guinée

Réseaux sociaux

Powered by Netsen Group @ 2025